| 000 | 00670cab a2200241 4500 | ||
|---|---|---|---|
| 001 | WB3404-55 | ||
| 008 | 090401t1998 xxu||||| |||| 00| 0 eng d | ||
| 035 | _a(Sirsi) u83418 | ||
| 041 | _aeng | ||
| 245 | _aTraffic curbs | ||
| 260 | _c1998 | ||
| 350 | _a0 | ||
| 490 |
_aFinancial Times _v29 January 1998, 7(1) |
||
| 520 | _aGovernment is to back a private member`s bill on traffic reduction targets. | ||
| 650 | _aENERGY EFFICIENCY | ||
| 650 | _aENERGY SAVING TRUST | ||
| 650 | _aENVIRONMENTAL PERFORMANCE | ||
| 650 | _aENVIRONMENTAL POLICY | ||
| 650 | _aTRAFFIC REDUCTION | ||
| 690 | _aTRANSPORT AND COMMUNICATIONS | ||
| 942 | _n0 | ||
| 948 | _c29/01/1998 | ||
| 999 |
_c52686 _d52686 |
||